Greek Cities A-Z - Statistics

General Stats
  • This quiz has been taken 50 times
  • The average score is 12 of 20
Answer Stats
Letter Hint Answer % Correct
A The birthplace of democracy Athens
100%
T The second biggest city Thessaloniki
85%
C The city that connects Attica to the Peloponnese Corinth
81%
S The city of Leonidas and the 300 Sparta
81%
H The biggest city in Crete Herakleion
79%
P The biggest port Pireaus
74%
L The biggest city in Thessaly Larissa
70%
I The biggest city in Epirus Ioannina
68%
K Well known for its olives, olive oil and tobacco Kalamata
64%
D Its name resembles a specific mode of fiction represented in performance Drama
62%
X The city of 1,000 colours Xanthi
57%
Z This city bears the name of its island Zakynthos
57%
E The central city of the Cyclades Ermoupoli
49%
V The city at the innermost point of the Pagasetic Gulf Volos
49%
N The first capital of the modern Greek State Nafplio
47%
R City in the Western part of Crete Rethymno
45%
F "Where Greece begins" is a motto of this western Macedonian city Florina
43%
O The northernmost city Orestiada
43%
M A great exodus happened following a siege by the Ottomans Missolonghi
36%
G The capital of the Pella municipality Giannitsa
30%
No matching quizzes found
Score Distribution
Percent of People with Each Score
Percentile by Number Answered
Your Score History
You have not taken this quiz